Guess the PSG player 2020-2021 - Statistics

General Stats
  • This quiz has been taken 355 times
  • The average score is 22 of 29
Answer Stats
Picture Answer % Correct
Neymar
98%
Angel Di Maria
96%
Kylian Mbappe
95%
Keylor Navas
94%
Marco Verratti
90%
Mauro Icardi
89%
Presnel Kimpembe
86%
Julian Draxler
85%
Layvin Kurzawa
85%
Marquinhos
85%
Idrissa Gueye
83%
Juan Bernat
82%
Ander Herrera
80%
Leandro Paredes
80%
Xavi Simons
79%
Danilo Pereira
77%
Pablo Sarabia
76%
Sergio Rico
74%
Rafinha
73%
Abdou Diallo
71%
Thilo Kehrer
71%
Alessandro Florenzi
69%
Mitchel Bakker
67%
Moise Kean
64%
Colin Dagba
61%
Alexandre Letellier
55%
Timothee Pembele
47%
Kays Ruiz-Atil
31%
Bandiougou Fadiga
25%
No matching quizzes found
Score Distribution
Percent of People with Each Score
Percentile by Number Answered
Your Score History
You have not taken this quiz